000
00284nam a22001337a 4500
008
181106b xxu||||| |||| 00| 0 eng d
020
_a
0917877020
041
_a
eng
080
_a
616.8
100
_a
7
101
_a
TRU
245
_a
The Chemical Brain
_c
Cohen,S
942
_2
udc
_c
BK
999
_c
51983
_d
51983